• 首页
  • 本馆介绍
  • 公告通知
  • 最新文献
  • 馆藏检索
  • 电子资源
  • 读者导购
  • 参考咨询
  • 我的图书馆
  • 登录
  • 详细信息显示
  • 放入我的书架
  • 预约/预借图书
  • 作者相关作品
  • 分类相关作品
  • 丛书相关作品
  • 出版社相关作品

书目信息

  • 表格格式
  • 工作单格式
  • 卡片格式
题名:
学生官
    
 
作者: 田佑中 著
分册:  
出版信息: 北京   社会科学文献出版社  2005
页数: 14,340页
开本: 21cm
丛书名: 新社会群体研究丛书
单 册:
中图分类: E0
科图分类:
主题词: 军队--知识分子--研究--中国 , 军事理论
电子资源:
ISBN: 7-80190-365-X
000 01346nam0 2200361 450
000 01309nam0 2200349 450
000 01287nam0 2200349 450
000 01233nam0 2200325 450
000 01251nam0 2200313 450
000 01214nam0 2200301 45
001 TS2006022956
005 20061226093849.32
010    @a7-80190-365-X@dCNY25.00
100    @a20060829d2005 em y0chiy0110 ea
101 0  @achi
102    @aCN@b110000
105    @ay z 000yy
200 1  @a学生官@Axue sheng guan@e军营里的知识分子@EJun Ying Li De Zhi Shi Fen Zi@f田佑中著@FTian You Zhong Zhu
210    @a北京@c社会科学文献出版社@d2005
215    @a14,340页@d21cm
225 2  @a新社会群体研究丛书
330    @a本书探讨了地方入伍大学生、士兵提干军官、军校毕业大学生群体间的互动与调适,并构建了群体特色的保持与创造的可能性空间、微观社会结构的再生产、信任与创造等理论框架。
410  0 @12001 @a新社会群体研究丛书
510 1  @aThe Civil-college-graduate-turned Officers in the Army@zeng
517 1  @a军营里的知识分子@Ajun ying li de zhi shi fen zi
606 0  @a军队@x知识分子@x研究@y中国
606 0  @a军事理论
690    @aE0@v4
701  0 @a田佑中@Atian you zhong@4著
801  0 @aCN@b中图数据@c20061226
905    @a10447@dE0@e15
    
    学生官:军营里的知识分子/田佑中著.-北京:社会科学文献出版社,2005
    14,340页;21cm.-(新社会群体研究丛书)
    
    
    ISBN 7-80190-365-X:CNY25.00
    本书探讨了地方入伍大学生、士兵提干军官、军校毕业大学生群体间的互动与调适,并构建了群体特色的保持与创造的可能性空间、微观社会结构的再生产、信任与创造等理论框架。
●
相关链接 在E读中查询图书 在五车中查询图书 在当当中查询图书 在豆瓣中查询图书


正题名:学生官     索取号:E0/15         预约/预借

序号 登录号 条形码 馆藏地/架位号 状态 备注
1 0608978   206089784   第一样本阅览室/ [索取号:E0/15] 在馆    
2 0608979   206089793   第一借阅区/ [索取号:E0/15] 在馆    
3 0608980   206089800   第一借阅区/ [索取号:E0/15] 在馆    
4 0608981   206089819   第一借阅区/ [索取号:E0/15] 在馆    
5 0608982   206089828   第一借阅区/ [索取号:E0/15] 在馆    
唐山师范学院图书馆 欢迎您!
大连网信软件有限公司© 版权所有